Best Selling Albums of the 90s - Statistics

General Stats
  • This quiz has been taken 166 times
  • The average score is 15 of 25
Answer Stats
Sales Year Album Musical Act % Correct
25 1999 ...Baby One More Time Britney Spears
96%
23 1996 Spice Spice Girls
93%
30 1991 Nevermind Nirvana
87%
32 1996 Falling Into You Celine Dion
81%
31 1997 Let's Talk About Love Celine Dion
81%
22 1999 All the Way... A Decade of Song Celine Dion
81%
20 1993 The Colour of My Love Celine Dion
81%
45 1992 The Bodyguard Whitney Houston
81%
20 1994 Dookie Green Day
72%
33 1995 Jagged Little Pill Alanis Morissette
71%
32 1991 Dangerous Michael Jackson
70%
22 1995 (What's the Story) Morning Glory? Oasis
69%
40 1999 Millennium Backstreet Boys
67%
24 1997 __________'s Back / __________ ____ Backstreet Boys
67%
30 1990 The Immaculate Collection Madonna
64%
28 1993 Music Box Mariah Carey
60%
20 1995 Daydream Mariah Carey
60%
23 1993 Happy Nation/The Sign Ace Of Base
50%
30 1992 Gold: Greatest Hits ABBA
45%
40 1997 Come On Over Shania Twain
42%
26 1992 Unplugged Eric Clapton
40%
30 1999 Supernatural Santana
40%
21 1994 Cross Road Bon Jovi
19%
31 1991 _________ Metallica
18%
30 1997 Titanic: Music from the Motion Picture James Horner
14%
No matching quizzes found
Score Distribution
Percent of People with Each Score
Percentile by Number Answered
Your Score History
You have not taken this quiz